| 000 | 01868nam a2200481 i 4500 | ||
|---|---|---|---|
| 001 | 8160 | ||
| 003 | KOSZ 005 | ||
| 005 | 20200427103530.0 | ||
| 008 | 200427s1957 pl a f 001 0 pol | ||
| 040 |
_cKOSZ 005 _aKOSZ 005 _dKOSZ 005/HR _dKOSZ 005/RW |
||
| 046 | _k1957 | ||
| 080 | _a51 | ||
| 080 | _a620.17 | ||
| 080 | _a624 | ||
| 245 | 0 | 0 |
_aTablice inżynierskie. _nT. 1, _pMatematyka, wytrzymałość materiałów, statyka, dynamika / _cpod redakcją Stanisława Bryla i Jan Bryla ; [w opracowaniu wzięli udział.Hieronim Priebe, Jerzy Sułocki i Zygmunt Wiśniewski]. |
| 246 | 3 | 0 | _aMatematyka, wytrzymałość materiałów, statyka, dynamika |
| 260 |
_aPoznań : _bPaństwowe Wydawnictwo Naukowe, _c1957. |
||
| 300 |
_a881 stron : _bilustracje ; _c25 cm. |
||
| 336 |
_aTekst _btxt _2rdacontent |
||
| 337 |
_aBez urządzenia pośredniczącego _bn _2rdamedia |
||
| 338 |
_aWolumin _bnc _2rdacarrier |
||
| 380 | _aKsiążki | ||
| 380 | _aPublikacje dydaktyczne | ||
| 385 |
_mPoziom nauczania _aSzkoły wyższe |
||
| 388 | _a1901-2000 | ||
| 388 | _a1945-1989 | ||
| 504 | _aBibliografia na stronach 861-862. Indeks. | ||
| 650 | 7 | _aStatyka | |
| 650 | 7 | _aDynamika | |
| 650 | 7 | _aWytrzymałość materiałów | |
| 650 | 7 | _aTechnika | |
| 655 | 7 | _aTablice i wzory | |
| 655 | 7 | _aTablice matematyczne | |
| 658 | _aInżynieria i technika | ||
| 700 | 1 |
_aPriebe, Hieronim _d(1925-2000) _eOpracowanie |
|
| 700 | 1 |
_aSułocki, Jerzy _eOpracowanie |
|
| 700 | 1 |
_aWiśniewski, Zygmunt _c(budownictwo) _eOpracowanie |
|
| 700 | 1 |
_aBryl, Stanisław _d(? - 1995) _eRedakcja |
|
| 700 | 1 |
_aBryl, Jan _eRedakcja |
|
| 710 | 2 |
_aPaństwowe Wydawnictwo Naukowe _4pbl |
|
| 856 |
_uhttp://koha.tu.koszalin.pl/cgi-bin/koha/opac-detail.pl?biblionumber=8160 _yKatalog online BPK |
||
| 942 |
_2UKD _cKS |
||
| 999 |
_c8160 _d8160 |
||